[Event "GER-chT U20"]
[Site "Osnabrueck"]
[Date "2013.12.28"]
[Round "3.5"]
[White "Gesinghaus, Dustin"]
[Black "Rieper, Julian"]
[Result "1-0"]
[WhiteElo "1716"]
[BlackElo "1745"]
[PlyCount "84"]
[EventDate "2013.12.27"]
[EventType "team-swiss"]
[EventRounds "7"]
[EventCountry "GER"]
[SourceTitle "EXT 2015"]
[Source "ChessBase"]
[SourceDate "2014.11.20"]
[SourceVersion "1"]
[SourceVersionDate "2014.11.20"]
[SourceQuality "1"]
[WhiteTeam "Brackel"]
[BlackTeam "Kiel Doppelbauer"]
[WhiteTeamCountry "GER"]
[BlackTeamCountry "GER"]

1. e4 e5 2. f4 exf4 3. Nf3 g5 4. Nc3 Bg7 5. g3 fxg3 6. hxg3 h6 7. d4 d6 8. Bc4 Be6 9. Bxe6 fxe6 10. Nxg5 Ke7 11. Nf3 Nf6 12. Be3 Nbd7 13. Qd2 Qf8 14. Rf1 Nb6 15. Qd3 Qe8 16. 0-0-0 Na4 17. e5 Ng4 18. Bf4 Nxc3 19. Qxc3 Qc6 20. Qd3 Rhg8 21. Nh4 Rae8 22. Rde1 d5 23. Bd2 Kd7 24. Rf7+ Kd8 25. Ref1 h5 26. Ng6 Nh6 27. Rxg7 Rxg7 28. Bxh6 Rd7 29. Rf6 Qa4 30. a3 Qc4 31. Qxc4 dxc4 32. c3 c5 33. dxc5 Rd5 34. Bf8 Rd3 35. Nf4 Re3 36. Bd6 Rg8 37. Nxh5 Rg5 38. Rh6 Rf5 39. Nf6 b6 40. c6 Rf1+ 41. Kd2 Rd3+ 42. Ke2 Rxf6 1-0

[Event "GER-chT U20"]
[Site "Osnabrueck"]
[Date "2013.12.28"]
[Round "4.5"]
[White "Luzius, Jannik"]
[Black "Gesinghaus, Dustin"]
[Result "1/2-1/2"]
[WhiteElo "1552"]
[BlackElo "1716"]
[PlyCount "64"]
[EventDate "2013.12.27"]
[EventType "team-swiss"]
[EventRounds "7"]
[EventCountry "GER"]
[SourceTitle "EXT 2015"]
[Source "ChessBase"]
[SourceDate "2014.11.20"]
[SourceVersion "1"]
[SourceVersionDate "2014.11.20"]
[SourceQuality "1"]
[WhiteTeam "Heidesheim"]
[BlackTeam "Brackel"]
[WhiteTeamCountry "GER"]
[BlackTeamCountry "GER"]

1. Nf3 g6 2. c4 Bg7 3. g3 c5 4. Bg2 Nc6 5. 0-0 e6 6. d3 Nge7 7. Na3 0-0 8. Rb1 Nb4 9. Bd2 a5 10. Bc3 Nxa2 11. Bxg7 Kxg7 12. Qd2 d5 13. b3 Nb4 14. cxd5 Nbxd5 15. Nb5 Qd7 16. Nc3 b5 17. Qb2 Kg8 18. Ne4 Qa7 19. Rfc1 b4 20. Ra1 Bb7 21. Nxc5 Rfc8 22. Nxb7 Qxb7 23. Rxc8+ Qxc8 24. h4 Qc7 25. Nh2 Rc8 26. Ng4 Nc3 27. Qd2 Nf5 28. e4 Nd4 29. Qg5 Nxb3 30. Nf6+ Kg7 31. Nh5+ Kg8 32. Nf6+ Kg7 1/2-1/2

[Event "Dortmund Sparkassen op-B"]
[Site "Dortmund"]
[Date "2013.08.04"]
[Round "9"]
[White "Gesinghaus, Dustin"]
[Black "Lueck, Kai"]
[Result "0-1"]
[WhiteElo "1736"]
[BlackElo "2119"]
[PlyCount "52"]
[EventDate "2013.07.27"]
[EventType "swiss"]
[EventRounds "9"]
[EventCountry "GER"]
[SourceTitle "EXT 2022"]
[Source "ChessBase"]
[SourceDate "2021.10.06"]
[SourceVersion "1"]
[SourceVersionDate "2021.10.06"]
[SourceQuality "1"]

1. e4 c6 2. Ne2 d5 3. e5 c5 4. d4 Nc6 5. c3 cxd4 6. cxd4 Bf5 7. Ng3 Bg6 8. Nc3 e6 9. Bb5 Qb6 10. a3 Nge7 11. 0-0 a6 12. Ba4 h5 13. b4 Nf5 14. Nge2 Be7 15. Bxc6+ Qxc6 16. Bd2 b5 17. Rc1 Qb6 18. Be3 a5 19. Qb3 axb4 20. axb4 0-0 21. Nf4 Rfc8 22. Ra1 Rxa1 23. Rxa1 Rc4 24. Ra5 Rxb4 25. Qa2 Qc7 26. Nxb5 Qxa5 0-1

[Event "Dortmund Sparkassen op-B"]
[Site "Dortmund"]
[Date "2013.08.02"]
[Round "7"]
[White "Herrmann, Christoph"]
[Black "Gesinghaus, Dustin"]
[Result "1/2-1/2"]
[WhiteElo "1935"]
[BlackElo "1736"]
[PlyCount "82"]
[EventDate "2013.07.27"]
[EventType "swiss"]
[EventRounds "9"]
[EventCountry "GER"]
[SourceTitle "EXT 2022"]
[Source "ChessBase"]
[SourceDate "2021.10.06"]
[SourceVersion "1"]
[SourceVersionDate "2021.10.06"]
[SourceQuality "1"]

1. e4 c5 2. Nf3 Nc6 3. Nc3 Nf6 4. d4 cxd4 5. Nxd4 e5 6. Ndb5 d6 7. Bg5 a6 8. Na3 b5 9. Nd5 Be7 10. Bxf6 Bxf6 11. c3 Bg5 12. Be2 0-0 13. 0-0 f5 14. f3 Be6 15. Nc2 Ne7 16. Ncb4 Kh8 17. a4 Nxd5 18. Nxd5 bxa4 19. Kh1 Qb8 20. Ra2 fxe4 21. fxe4 Qb3 22. Qxb3 axb3 23. Raa1 Bxd5 24. exd5 a5 25. g3 Rxf1+ 26. Bxf1 Kg8 27. Bc4 a4 28. Bb5 a3 29. Rxa3 Rxa3 30. bxa3 Bd2 31. Kg2 Bxc3 32. Kf3 Kf7 33. Bd3 Kf6 34. h4 h5 35. g4 Be1 36. a4 Ke7 37. gxh5 Bxh4 38. a5 Kd7 39. a6 Kc7 40. Kg4 Bf2 41. Kf5 Kb6 1/2-1/2

[Event "Dortmund Sparkassen op-B"]
[Site "Dortmund"]
[Date "2013.07.27"]
[Round "1"]
[White "Stratmann, Alois"]
[Black "Gesinghaus, Dustin"]
[Result "1/2-1/2"]
[WhiteElo "1712"]
[BlackElo "1736"]
[PlyCount "42"]
[EventDate "2013.07.27"]
[EventType "swiss"]
[EventRounds "9"]
[EventCountry "GER"]
[SourceTitle "EXT 2022"]
[Source "ChessBase"]
[SourceDate "2021.10.06"]
[SourceVersion "1"]
[SourceVersionDate "2021.10.06"]
[SourceQuality "1"]

1. c4 e5 2. g3 c6 3. Bg2 d5 4. cxd5 cxd5 5. Nf3 Nc6 6. 0-0 Bf5 7. d3 Nf6 8. Bg5 h6 9. Bxf6 Qxf6 10. Qb3 Qd6 11. Nbd2 Be6 12. Rab1 e4 13. dxe4 dxe4 14. Nxe4 Bxb3 15. Nxd6+ Bxd6 16. axb3 0-0-0 17. Rfc1 Kb8 18. e3 Na5 19. Nd4 Be5 20. b4 Bxd4 21. bxa5 Be5 1/2-1/2

[Event "Ruhrgebiet VK3 1213"]
[Site "Nordrheinwestfalen"]
[Date "2013.02.24"]
[Round "7.8"]
[White "Jerig, Markus"]
[Black "Gesinghaus, Dustin"]
[Result "1/2-1/2"]
[WhiteElo "1704"]
[BlackElo "1608"]
[PlyCount "79"]
[EventDate "2012.09.02"]
[EventType "team-tourn"]
[EventRounds "9"]
[EventCountry "GER"]
[SourceTitle "EXT 2020"]
[Source "ChessBase"]
[SourceDate "2019.10.17"]
[SourceVersion "1"]
[SourceVersionDate "2019.10.17"]
[SourceQuality "1"]
[WhiteTeam "Osterfeld Schwarze Dame"]
[BlackTeam "Brackel SF III"]
[WhiteTeamCountry "GER"]
[BlackTeamCountry "GER"]

1. c4 Nf6 2. Nc3 d5 3. cxd5 Nxd5 4. Nf3 c5 5. d4 Nxc3 6. bxc3 cxd4 7. cxd4 e6 8. Bd2 Nc6 9. e3 Bd6 10. Bd3 b6 11. Rc1 Bb7 12. Bb5 Rc8 13. Qa4 Qc7 14. d5 exd5 15. Nd4 Bc5 16. Nb3 a6 17. Bd3 Bd6 18. Qg4 g6 19. f4 Qe7 20. Nd4 Bc5 21. 0-0 Nxd4 22. exd4 Bxd4+ 23. Kh1 Rxc1 24. Rxc1 0-0 25. f5 Bf6 26. Bb4 Qe3 27. Rd1 Re8 28. fxg6 hxg6 29. Qd7 a5 30. Bd2 Qe7 31. Qb5 Qd8 32. Bxa5 bxa5 33. Qxb7 Re7 34. Qb5 Bc3 35. Bc2 Kg7 36. Qd3 d4 37. h3 Re3 38. Qxe3 dxe3 39. Rxd8 e2 40. Re8 1/2-1/2

[Event "Ruhrgebiet VK3 1213"]
[Site "Nordrheinwestfalen"]
[Date "2013.02.03"]
[Round "6.8"]
[White "Gesinghaus, Dustin"]
[Black "Loskarn, Peter"]
[Result "1-0"]
[WhiteElo "1608"]
[BlackElo "1791"]
[PlyCount "81"]
[EventDate "2012.09.02"]
[EventType "team-tourn"]
[EventRounds "9"]
[EventCountry "GER"]
[SourceTitle "EXT 2020"]
[Source "ChessBase"]
[SourceDate "2019.10.17"]
[SourceVersion "1"]
[SourceVersionDate "2019.10.17"]
[SourceQuality "1"]
[WhiteTeam "Brackel SF III"]
[BlackTeam "Wacker Bergeborbeck"]
[WhiteTeamCountry "GER"]
[BlackTeamCountry "GER"]

1. e4 e6 2. d4 d5 3. exd5 exd5 4. Nf3 Bd6 5. Bd3 Ne7 6. 0-0 f6 7. Nh4 0-0 8. Qh5 f5 9. f4 Bd7 10. Nf3 Be8 11. Qh3 c5 12. Ng5 h6 13. Ne6 Qd7 14. Nxf8 Kxf8 15. Be3 c4 16. Be2 Ng8 17. Nd2 Nf6 18. Nf3 Nc6 19. Ne5 Qe6 20. c3 Ne7 21. Rae1 Kg8 22. Bc1 Bxe5 23. fxe5 Ne4 24. Bxc4 Ng5 25. Bxg5 hxg5 26. Bd3 g4 27. Qh4 Bg6 28. h3 gxh3 29. Qxh3 Rc8 30. Rf4 a6 31. Ref1 b5 32. Rh4 Rf8 33. Rh8+ Kf7 34. Rxf8+ Kxf8 35. g4 f4 36. Rxf4+ Ke8 37. Bf5 Bxf5 38. gxf5 Qg8 39. Rh4 Qf7 40. Rh8+ Ng8 41. Qh7 1-0

[Event "GER-chT U20"]
[Site "Osnabrueck"]
[Date "2012.12.27"]
[Round "1.6"]
[White "Gesinghaus, Dustin"]
[Black "Weidmann, Kevin"]
[Result "1/2-1/2"]
[WhiteElo "1609"]
[BlackElo "1710"]
[PlyCount "98"]
[EventDate "2012.12.27"]
[EventType "team-swiss"]
[EventRounds "7"]
[EventCountry "GER"]
[SourceTitle "EXT 2014"]
[Source "ChessBase"]
[SourceDate "2013.11.20"]
[SourceVersion "1"]
[SourceVersionDate "2013.11.20"]
[SourceQuality "1"]
[WhiteTeam "Brackel"]
[BlackTeam "Hamburger SK"]
[WhiteTeamCountry "GER"]
[BlackTeamCountry "GER"]

1. e4 c5 2. c3 d5 3. exd5 Qxd5 4. Nf3 Nf6 5. d4 Bg4 6. Nbd2 e6 7. Bc4 Qd8 8. Qa4+ Nbd7 9. Ne5 Bh5 10. Nb3 cxd4 11. Bb5 a6 12. Nxd7 Nxd7 13. Bxd7+ Qxd7 14. Qxd7+ Kxd7 15. Nxd4 e5 16. Nf5 f6 17. Be3 g5 18. h4 Bg6 19. g4 gxh4 20. Nxh4 Be4 21. f3 Bc2 22. Kd2 Ba4 23. Ng6 Bh6 24. Nxh8 Bxe3+ 25. Kxe3 Rxh8 26. Rh6 Ke6 27. Rah1 Bc2 28. Kd2 Ba4 29. Rxh7 Rxh7 30. Rxh7 Bc6 31. Ke3 Bd5 32. a3 a5 33. b4 axb4 34. axb4 Kd6 35. Rh1 Ke6 36. Rc1 b5 37. Ra1 Bb3 38. Ra5 Bc4 39. Ra6+ Ke7 40. Ke4 Kf7 41. Rc6 Be2 42. c4 Bxc4 43. Rxc4 bxc4 44. Ke3 Ke6 45. f4 exf4+ 46. Kxf4 Kd5 47. Ke3 c3 48. Kd3 c2 49. Kxc2 Kc4 1/2-1/2

[Event "Ruhrgebiet VK3 1213"]
[Site "Nordrheinwestfalen"]
[Date "2012.09.30"]
[Round "2"]
[White "Gesinghaus, Dustin"]
[Black "Wuendisch, Steffen"]
[Result "1/2-1/2"]
[WhiteElo "1608"]
[BlackElo "1701"]
[PlyCount "57"]
[EventDate "2012.09.02"]
[EventType "team-tourn"]
[EventRounds "9"]
[EventCountry "GER"]
[SourceTitle "EXT 2020"]
[Source "ChessBase"]
[SourceDate "2019.10.17"]
[SourceVersion "1"]
[SourceVersionDate "2019.10.17"]
[SourceQuality "1"]
[WhiteTeam "Brackel SF III"]
[BlackTeam "Guennigfeld SV"]
[WhiteTeamCountry "GER"]
[BlackTeamCountry "GER"]

1. e4 e6 2. d4 d5 3. exd5 exd5 4. Bd3 Bd6 5. Nf3 Nf6 6. Bg5 0-0 7. 0-0 Bg4 8. Nbd2 Nbd7 9. c3 h6 10. Bh4 c6 11. Qc2 Qc7 12. Bg3 Bxg3 13. fxg3 Rfe8 14. Rf2 Re7 15. Raf1 Rae8 16. Nh4 Ne4 17. Nxe4 dxe4 18. Bxe4 Nf6 19. Ng6 Rd7 20. Ne5 Rxe5 21. dxe5 Qxe5 22. Rxf6 Be2 23. Qxe2 gxf6 24. Qg4+ Kf8 25. Qxd7 Qxe4 26. Rd1 Qe3+ 27. Kh1 Qf2 28. Qc8+ Ke7 29. Qc7+ 1/2-1/2